Collettività d'oltremare - Statistics

Statistiche generali
  • Questo quiz è stato fatto 5 volte
  • Il punteggio medio è 4 su 6
Statistiche sulle risposte
Superficie (km²) Popolazione (ab.) Capitale Collettività d'oltremare % Corretto
53,2 35 107 Marigot Saint-Martin
100%
18 576 271 407 Numea Nuova Caledonia
80%
4 167 275 918 Papeete Polinesia francese
80%
242 6 274 Saint-Pierre Saint-Pierre e Miquelon
80%
142 12 067 Matāʻutu Wallis e Futuna
40%
25 9 961 Gustavia Saint-Barthélemy
20%
Nessun quiz corrispondente trovato
Distribuzione punteggi
Percentuale di utenti per punteggio
Percentile per numero di risposta
I tuoi punteggi nel tempo
Non hai fatto questo quiz